| 000 | 00441nam a2200157 a 4500 | ||
|---|---|---|---|
| 005 | 20221118063432.0 | ||
| 008 | 991125s1958 mx 000 0 spa u | ||
| 035 | _aUPN01000000165 | ||
| 049 | _aCG | ||
| 050 | 4 |
_aLB1525 _bA23 |
|
| 245 | 0 | 0 |
_aAbajo cadenas : _blibro inicial de lectura. |
| 260 |
_aVenezuela : _bMinisterio de Educación, _c1958. |
||
| 300 | _a114 p. | ||
| 650 | 4 |
_aLectura _xEstudio y enseƱanza (Elemental) _92805 |
|
| 905 | _aLibro | ||
| 999 |
_c165 _d165 |
||